|
|
|
|
| LEADER |
00000cam a22000004a 4500 |
| 001 |
musev2_73941 |
| 003 |
MdBmJHUP |
| 005 |
20230905051643.0 |
| 006 |
m o d |
| 007 |
cr||||||||nn|n |
| 008 |
200327t20162016mnu o 00 0 eng d |
| 020 |
|
|
|a 9781942304883
|
| 020 |
|
|
|z 1942304889
|
| 020 |
|
|
|z 9781942304180
|
| 020 |
|
|
|z 1942304188
|
| 035 |
|
|
|a (OCoLC)1146001790
|
| 040 |
|
|
|a MdBmJHUP
|c MdBmJHUP
|
| 100 |
1 |
|
|a Olson, O. Rolf.,
|e author.
|
| 245 |
1 |
4 |
|a The Norwegian Synod 1853-1917 :
|b A Short History of a Premier Predecessor Church Body /
|c O. Rolf Olson.
|
| 264 |
|
1 |
|a Minneapolis, Minnesota :
|b Lutheran University Press,
|c [2016]
|
| 264 |
|
3 |
|a Baltimore, Md. :
|b Project MUSE,
|c 2021
|
| 264 |
|
4 |
|c ©[2016]
|
| 300 |
|
|
|a 1 online resource (160 pages).
|
| 336 |
|
|
|a text
|b txt
|2 rdacontent
|
| 337 |
|
|
|a computer
|b c
|2 rdamedia
|
| 338 |
|
|
|a online resource
|b cr
|2 rdacarrier
|
| 588 |
|
|
|a Description based on print version record.
|
| 610 |
2 |
7 |
|a Synod for the Norwegian Evangelical Lutheran Church in America.
|2 fast
|0 (OCoLC)fst00519753
|
| 610 |
2 |
7 |
|a Norwegian Evangelical Lutheran Church of America.
|2 fast
|0 (OCoLC)fst00601678
|
| 610 |
2 |
0 |
|a Synod for the Norwegian Evangelical Lutheran Church in America
|x History.
|
| 610 |
2 |
0 |
|a Norwegian Evangelical Lutheran Church of America
|x History.
|
| 650 |
|
7 |
|a Norwegian Americans.
|2 fast
|0 (OCoLC)fst01039354
|
| 650 |
|
7 |
|a Lutherans, Norwegian.
|2 fast
|0 (OCoLC)fst01004091
|
| 650 |
|
7 |
|a Lutheran Church.
|2 fast
|0 (OCoLC)fst01003996
|
| 650 |
|
7 |
|a Councils and synods.
|2 fast
|0 (OCoLC)fst00881192
|
| 650 |
|
0 |
|a Norwegian Americans.
|
| 650 |
|
0 |
|a Councils and synods.
|
| 650 |
|
0 |
|a Lutherans, Norwegian.
|
| 650 |
|
0 |
|a Lutheran Church
|z United States
|x History.
|
| 651 |
|
7 |
|a United States.
|2 fast
|0 (OCoLC)fst01204155
|
| 655 |
|
7 |
|a History.
|2 fast
|0 (OCoLC)fst01411628
|
| 655 |
|
7 |
|a Electronic books.
|2 local
|
| 710 |
2 |
|
|a Project Muse.
|e distributor
|
| 830 |
|
0 |
|a Book collections on Project MUSE.
|
| 856 |
4 |
0 |
|z Texto completo
|u https://projectmuse.uam.elogim.com/book/73941/
|
| 945 |
|
|
|a Project MUSE - Custom Collection
|
| 945 |
|
|
|a Project MUSE - Archive Complete Supplement IX
|
| 945 |
|
|
|a Project MUSE - Archive Philosophy and Religion Supplement IX
|